ბათუმის შოთა რუსთაველის სახელმწიფო უნივერსიტეტის ბიბლიოთეკა

სადაზღვევო საქმე (ბიბ.ჩანაწერი № 34419)

000 -LEADER
fixed length control field 00976nam a2200241Ia 4500
001 - CONTROL NUMBER
control field 145
003 - CONTROL NUMBER IDENTIFIER
control field GE_BSU
008 - FIXED-LENGTH DATA ELEMENTS--GENERAL INFORMATION
fixed length control field 181216s||||||||xx |||||||||||||| ||und||
020 ## - INTERNATIONAL STANDARD BOOK NUMBER
International Standard Book Number 9789941908729
040 ## - CATALOGING SOURCE
Transcribing agency GE_BSU
080 ## - UNIVERSAL DECIMAL CLASSIFICATION NUMBER
Universal Decimal Classification number UDC:368(075.8)
100 ## - MAIN ENTRY--PERSONAL NAME
Personal name შათირიშვილი,ჯ;კაკაშვილი,ნ
245 ## - TITLE STATEMENT
Title სადაზღვევო საქმე
245 ## - TITLE STATEMENT
Remainder of title სახელმძღვ. : წიგნი ეძღვნ. თსუ-ს დაარსებიდან 90-ე წლისთავს
245 ## - TITLE STATEMENT
Statement of responsibility, etc. მეცნ.-რედ.: გივი გამსახურდია, მარიამ ვარდიაშვილი
260 ## - PUBLICATION, DISTRIBUTION, ETC.
Place of publication, distribution, etc. თბილისი
260 ## - PUBLICATION, DISTRIBUTION, ETC.
Name of publisher, distributor, etc. თსუ.საგამომცემლო სახლი,,ინოვაცია
260 ## - PUBLICATION, DISTRIBUTION, ETC.
Date of publication, distribution, etc. 2008
300 ## - PHYSICAL DESCRIPTION
Extent 439გვ.
653 ## - INDEX TERM--UNCONTROLLED
Uncontrolled term სადაზღვევო საქმე
942 ## - ADDED ENTRY ELEMENTS (KOHA)
Koha item type წიგნი
ეგზემპლარები
Withdrawn status Lost status Damaged status Not for loan Date acquired Barcode Date last seen Price effective from Koha item type
        2018-12-17 2202 2018-12-17 2018-12-17 წიგნი